| 000 | 00412nam a22001697a 4500 | ||
|---|---|---|---|
| 005 | 20180730145608.0 | ||
| 008 | 160621b xxu||||| |||| 00| 0 eng d | ||
| 020 | _a31-204-00313 | ||
| 041 | _aeng | ||
| 082 |
_b8701 _a658.3 |
||
| 100 |
_aPareek,Udai and others _92378 |
||
| 245 | _aBehavioural Pracesses in organisations | ||
| 260 |
_bOxford _c1996 |
||
| 300 | _a446 | ||
| 650 |
_aManagement _9241 |
||
| 942 | _cBK | ||
| 999 |
_c3362 _d3361 |
||